| 000 -LEADER |
| fixed length control field |
00374nam a2200145Ia 4500 |
| 008 - FIXED-LENGTH DATA ELEMENTS--GENERAL INFORMATION |
| fixed length control field |
200103s9999||||xx |||||||||||||| ||und|| |
| 082 ## - DEWEY DECIMAL CLASSIFICATION NUMBER |
| Classification number |
Column-14 |
| 100 ## - MAIN ENTRY--PERSONAL NAME |
| Personal name |
Burton, Stephen M. |
| 245 #0 - TITLE STATEMENT |
| Title |
Nautical Tables for general navigational purposes |
| 250 ## - EDITION STATEMENT |
| Edition statement |
8th Ed. |
| 260 ## - PUBLICATION, DISTRIBUTION, ETC. (IMPRINT) |
| Name of publisher, distributor, etc |
Stanford Maritime London |
| Date of publication, distribution, etc |
1979 |
| 300 ## - PHYSICAL DESCRIPTION |
| Extent |
xviii, 345 |
| 942 ## - ADDED ENTRY ELEMENTS (KOHA) |
| Item type |
Books |